| 000 | 00672nam a2200205 a 4500 | ||
|---|---|---|---|
| 005 | 20210223133700.0 | ||
| 008 | 181017s2008 mx r 000 0 spa d | ||
| 020 | _a9789689391166 | ||
| 035 | _aUPN01000227337 | ||
| 049 | _aCG | ||
| 050 | 4 |
_aF1392 F8 _bB3.7 |
|
| 245 | 0 | 4 |
_aLos barcelonnettes en México : _bmiradas regionales, siglos XIX y XX / _ccoord. Leticia Gamboa Ojeda. |
| 260 |
_aPuebla : _bBenemérita Universidad Autónoma de Puebla, _c2008. |
||
| 300 |
_a508 p. : _bil. |
||
| 650 | 4 |
_aFRANCESES EN MEXICO _918874 |
|
| 651 | 4 |
_aFRANCIA - _xEMIGRACION E INMIGRACION _927139 |
|
| 700 | 1 |
_aGamboa Ojeda, Leticia, _ecoaut. |
|
| 905 | _aLibro | ||
| 999 |
_c199432 _d199432 |
||